Poemas y estancias

Uloženo v:
Podrobná bibliografie
Hlavní autor: Moreas, Jean
Médium: Kniha
Jazyk:Undetermined
Vydáno: Madrid, España Rial 1950
Témata:
Tagy: Přidat tag
Žádné tagy, Buďte první, kdo vytvoří štítek k tomuto záznamu!

MARC

LEADER 00000nam a2200000Ia 4500
008 170316s9999 xx 000 0 und d
040 |a cru BVZT 
090 |a 840 M-26p 
100 |a Moreas, Jean 
245 |a Poemas y estancias 
260 |a Madrid, España 
260 |b Rial 
260 |c 1950 
300 |a 80 páginas 
650 |a LITERATURA FRANCESA 
999 |c 7841  |d 7841 
942 |c 15 D  |h 840 M-26p  |2 z